| 000 | 01436nam a22003377a 4500 | ||
|---|---|---|---|
| 005 | 20150827083905.0 | ||
| 008 | 150826b2014 ck |||||r|||| 00| 0 spa d | ||
| 020 | _a9789585829688 | ||
| 040 |
_aCO-BoIAVH _cCO-BoIAVH |
||
| 041 | 0 | _aspa | |
| 044 | _ack | ||
| 082 | 0 | 4 |
_a597.0723 _bH55g |
| 100 | 1 | _aJiménez Segura, Luz Fernanda | |
| 245 | 1 |
_aGuía ilustrada peces cañon del río Porce, Antioquia / _cLuz Fernanda Jiménez Segura, Jonathan Álvarez Bustamante... [et al] |
|
| 260 |
_aMedellín (Colombia): _bEPM, _bUniversidad de Antioquia, _bHerbario Universidad de Antioquia, _c2014. |
||
| 300 |
_a106 p. _bilustraciones y fotografías a color _c24 cm |
||
| 500 | _aIncluye índice de nombres científicos y nombres comunes. Incluye glosario. | ||
| 504 | _aIncluye referencias bibliográficas (Páginas 101-103). | ||
| 650 | 6 |
_aPeces _vGuía _xEspecies _zAntioquia (Colombia) |
|
| 650 | 6 |
_aPeces _vGuía _xTaxonomía _zAntioquia (Colombia) |
|
| 700 | 1 | _aÁlvarez Bustamante, Jonathan | |
| 700 | 1 | _aOchoa Orrego, Luz Eneida | |
| 700 | 1 | _aLoaiza Santana, Carlos Alejandro | |
| 700 | 1 | _aLondoño, Juan Pablo | |
| 700 | 1 | _aRestrepo Santamaría, Daniel | |
| 700 | 1 | _aAguirre Restrepo, Katherine | |
| 700 | 1 | _aHernández-Serna, Daniel | |
| 700 | 1 | _aCorrea Rendón, Juan Diego | |
| 700 | 1 | _aJaramillo Villa, Úrsula | |
| 942 |
_2ddc _cLIBRO |
||
| 999 |
_c17717 _d17717 |
||